La sessualità.
Guardat en:
| Autor principal: | |
|---|---|
| Format: | Llibre |
| Idioma: | italià |
| Publicat: |
Milano :
G. Zibetti,
?1963?
|
| Col·lecció: | Eros ;
6 |
| Matèries: | |
| Etiquetes: |
Sense etiquetes, Sigues el primer a etiquetar aquest registre!
|
MARC
| LEADER | 00000nam a22000001i 4500 | ||
|---|---|---|---|
| 001 | IT\ICCU\SBL\0132360 | ||
| 003 | ItRI | ||
| 005 | 20250726164654.0 | ||
| 008 | 910930s1963 it |||||| ||||| |||||c | ||
| 015 | |2 IT |a 637303 | ||
| 040 | |b ita |c ct | ||
| 041 | 7 | |a ita |2 ISO-639-2 | |
| 082 | |a 392.6 |2 16 | ||
| 100 | 1 | |a Guarnati, Franco |0 IT\ICCU\SBLV\079800 |4 aut | |
| 245 | 1 | 3 | |a La sessualità. |
| 260 | |a Milano : |b G. Zibetti, |c ?1963? | ||
| 300 | |a 165 p. ; |c 19 cm . | ||
| 650 | 7 | |a Sesso | |
| 830 | 0 | |a Eros ; |v 6 |0 IT\ICCU\SBL\0029428 | |
| 942 | |2 ddc |c BK | ||
| 952 | |0 0 |1 0 |2 ddc |4 0 |6 SSR_03GUAFRSES11 |7 0 |9 8494 |a MI |b MI |d 2010-03-29 |i 919 |l 0 |o SSR03-GUAFR-SES11 |p CDOM919 |r 2025-07-17 21:50:28 |w 2025-07-17 |y BK | ||
| 952 | |0 0 |1 0 |2 ddc |4 0 |6 SSR_03GUAFRSES12 |7 0 |9 8495 |a MI |b MI |d 2006-01-07 |i 1447 |l 0 |o SSR03-GUAFR-SES12 |p CDOM1447 |r 2025-07-17 21:50:28 |w 2025-07-17 |y BK | ||
| 981 | 1 | |6 z01 |a i |b xxxe | |
| 982 | 1 | |6 z01 |a n | |
| 999 | |c 7076 |d 7076 | ||